Strocka Volcker Michael, Meisterwerke, Internationales Symposion anlässlich des 150. Geburtstages von Adolf Furtwängler (Freiburg im Breisgau, 30 Juni - 3 Juli 2003), Munich, Hirmer, 2005, 1 vol. 22 × 30, 352 p., nombr. fig. N/B ds t. (notice n° 1595862)
[ vue normale ]
| 000 -LEADER | |
|---|---|
| fixed length control field | 00672cam a2200145 4500500 |
| 005 - DATE AND TIME OF LATEST TRANSACTION | |
| control field | 20251228073739.0 |
| 041 ## - LANGUAGE CODE | |
| Language code of text/sound track or separate title | fre |
| 042 ## - AUTHENTICATION CODE | |
| Authentication code | dc |
| 100 10 - MAIN ENTRY--PERSONAL NAME | |
| Personal name | Marcadé, Jean |
| Relator term | author |
| 245 00 - TITLE STATEMENT | |
| Title | Strocka Volcker Michael, Meisterwerke, Internationales Symposion anlässlich des 150. Geburtstages von Adolf Furtwängler (Freiburg im Breisgau, 30 Juni - 3 Juli 2003), Munich, Hirmer, 2005, 1 vol. 22 × 30, 352 p., nombr. fig. N/B ds t. |
| 260 ## - PUBLICATION, DISTRIBUTION, ETC. | |
| Date of publication, distribution, etc. | 2007.<br/> |
| 500 ## - GENERAL NOTE | |
| General note | 4 |
| 786 0# - DATA SOURCE ENTRY | |
| Note | Revue archéologique | 44 | 2 | 2007-12-01 | p. 319za-438za | 0035-0737 |
| 856 41 - ELECTRONIC LOCATION AND ACCESS | |
| Uniform Resource Identifier | <a href="https://shs.cairn.info/revue-archeologique-2007-2-page-319za?lang=fr&redirect-ssocas=7080">https://shs.cairn.info/revue-archeologique-2007-2-page-319za?lang=fr&redirect-ssocas=7080</a> |
Pas d'exemplaire disponible.




Réseaux sociaux